000 00748nam a2200253 a 4500
001
003
005 20220303091502.0
008 150709s1998 dr 000 0 spa d
040 _aBPMSU
_bspa
_cBPMSU
082 _aRD863.44
_bG277s
_222
100 1 _aGautier, Manuel Salvador,
_d1930 -
245 1 0 _aSerenata :
_bnovela /
_cManuel Salvador Gautier.
260 _aSanto Domingo :
_bSantuario,
_c1998
300 _a195 p. ;
_c23 cm.
490 1 _aSantuario
_v44
500 _aIncluye datos biográficos del autor en las solapas.
590 _6Inventariado, 2021/VM
600 4 _aHenríquez Ureña famila
_vNovela
650 4 _a Novela dominicana
_z
_x
650 4 _aLiteratura Dominicana
910 _aVMateo
942 _2ddc
_cBK
999 _c13532
_d13532